LEADER 01517nam a2200277 u 4500 001 000000066279 003 CaOOAMICUS 005 20070226121546.0 008 020110s1969 it u000 u fre u 035 $a10915974 040 $aPUL(R)$bita 245 02$aL'analyse du langage théologique le nom de Dieu :$bactes du colloque organisé par le Centre International d'Etudes Humanistes et par l'Istitut d'Etudes Philosophiques de Rome, Rome, 5-11 janvier 1969 /$caux soins de Enrico Castelli ; [par] E. Castelli ... [et al.]. 260 $aParis :$bAubier-Montaigne,$cc1969. 300 $a528 p. ;$c25 cm 504 $aBibliografia in nota. 650 4$aDio$xNome.$0(OLS)http://pul/subject/22766 650 4$aReligione.$0(OLS)http://pul/subject/4402 700 1 $aCastelli, Enrico,$cconte,$d1900-1977.$0(OLS)http://pul/name/669 710 2 $aIstituto di studi filosofici.$0(OLS)http://pul/name/672 710 2 $aCentro internazionale di studi umanistici (Roma).$0(OLS)http://pul/name/670 850 $aPUL 852 $aPUL$W1$xSL Filosofia 1$y2$m97 F 5$j85693$nBK-PRI$b $qStampati$B85693$CPULBib$Z2$F85693 $H $81 941 1 $a8 961 $aINV: 46120 996 $6245$aL'analyse du langage théologique le nom de Dieu :$bactes du colloque organisé par le Centre International d'Etudes Humanistes et par l'Istitut d'Etudes Philosophiques de Rome, Rome, 5-11 janvier 1969$9(OLS)http://pul/title/88025 996 $6260$aParis :$bAubier-Montaigne$9(OLS)http://pul/publisher/47976 LEADER 01111nam a2200277 u 4500 001 000000047590 003 CaOOAMICUS 005 20070226114912.0 008 991202s1997 it u000 u ita u 020 $a8842496014 035 $a10836711 040 $a(PUL)$bita 100 1 $aRuggenini, Mario.$0(OLS)http://pul/name/34590 245 13$aIl Dio assente :$bla filosofia e l'esperienza del divino /$cMario Ruggenini. 260 $aMilano :$bMondadori,$c1997. 300 $a292 p. ;$c17 cm 490 1 $aTesti e pretesti 504 $aContiene bibliografia a piè pagina. 650 4$aTeologia e filosofia.$0(OLS)http://pul/subject/121 830 0$aTesti e pretesti.$0(OLS)http://pul/title/40200 850 $aPUL 852 $aPUL$W1$xSL Religione 1$y3$m58 D 38$j63569$nBK-PRI$b $qStampati$B63569$CPULBib$Z2$F63569 $H $81 941 1 $a8 996 $6020$a8842496014$9(OLS)http://pul/number/59496 996 $6245$aIl Dio assente :$bla filosofia e l'esperienza del divino$9(OLS)http://pul/title/64078 996 $6260$aMilano :$bMondadori$9(OLS)http://pul/publisher/50297